00752nam a22002297a 4500003001100000005001700011008004100028020001500069040003900084041000800123082001500131100001700146245005500163260002900218300007400247650005100321700002000372700001900392942000700411952008900418999001500507LK-CoMWRAF20231027123033.0230923b1980 |||||||| |||| 00| 0 eng d a0706910214 aLK-CoMWRAFdLK-CoMWRAFeLK-CoMWRAF aeng a305.4bJAI aJain, Devaki aWomen's quest for power:bfive Indian case studies aSahibabad:bVikas,c1980 avi, 272 p., [1] leaf of plates : ill. ; 23 cm.bBibliography included aWomen--India--Social conditions--Case studies. aSingh, Nalini.  aChand, Malini. cBK 00104070aMAINbMAINd2023-09-23l0o305.4 JAIpRAF775r2023-09-23w2023-09-23yBK c3632d3632